[Event "IIFL Wealth 4th Mumbai GM"]
[Site "Mumbai"]
[Date "2019.01.04"]
[Round "6"]
[White "Aleksandrov, Aleksej"]
[Black "Raghunandan, Kaumandur Srihari"]
[Result "1-0"]
[WhiteElo "2590"]
[BlackElo "2378"]
[Annotator "TA"]
[PlyCount "65"]
[EventDate "2018.12.30"]
[EventType "swiss"]
[EventCountry "IND"]
[SourceTitle "playchess.com"]
[Source "ChessBase"]
[SourceQuality "1"]

{[%evp 17,65,0,6,-22,24,19,24,29,27,34,36,37,32,26,39,26,45,31,37,21,23,37,44,29,44,22,46,42,81,77,70,60,64,61,114,49,177,108,124,66,129,69,470,482,461,438,609,601,911,882]} 1. c4 Nf6 2. Nc3 g6 3. d4 Bg7 4. e4 d6 5. h3 O-O 6. Be3 Nbd7 7. Nf3 e5 8. dxe5 dxe5 9. c5 {E90: King's Indian: Classical: Early deviations and 6 h3} Qe7 {LiveBook: 6 Games} 10. b4 Rd8 $146 ({Predecessor:} 10... a5 11. a3 Rd8 12. Qb1 b6 13. c6 Nf8 14. b5 Ne6 15. Bc4 Nd4 16. Ng5 Rf8 {0-1 (57) Gundavaa,B (2460)-Nakamura,H (2733) Khanty-Mansiysk 2010}) 11. Bc4 {White has an edge.} Nb6 12. Bxf7+ $1 Kxf7 13. Qb3+ Kf8 {aiming for ...Be6.} 14. cxb6 axb6 15. O-O Be6 16. Qb2 Bc4 17. Rfd1 Kg8 18. Nd2 Be6 19. a4 Nh5 20. Nf3 Nf4 21. a5 Rxd1+ 22. Rxd1 Bc4 23. axb6 cxb6 24. b5 Rf8 {With the idea ...Nxh3+!} 25. Kh2 g5 (25... Qf6 $14 26. Bxf4 Qxf4+ 27. Kg1 Be6) 26. Qd2 (26. Qc2 $16) 26... Be6 {[#]} ({Black should play} 26... h6 $14) 27. Qd6 (27. Bxb6 $6 h6 $14) (27. Nd5 $1 $18 {[%cal Rd5e7]} Bxd5 28. exd5) 27... Qf6 $16 28. Ng1 ({Don't do} 28. Bxb6 h6 $11) (28. Qxb6 $16 h6 29. Nd5 Bxd5 30. Qxf6 (30. exd5 Qxb6 31. Bxb6 e4 $14) 30... Rxf6 31. exd5) 28... g4 (28... Bb3 $14) 29. g3 ({White should try} 29. Qxb6 $16 Qf7 30. g3) 29... gxh3 $2 {[%mdl 8192]} (29... Nxh3 $14 30. Nxh3 gxh3) 30. gxf4 $18 {White is clearly winning.} exf4 {[#]} 31. Nd5 $1 {[%cal Rd5f6]} Bxd5 32. Qxd5+ {[%mdl 64] Double Attack} Kh8 33. Bd4 {Accuracy: White = 54%, Black = 28%.} 1-0

[Event "IIFL Wealth 4th Mumbai GM"]
[Site "Mumbai"]
[Date "2019.01.04"]
[Round "6"]
[White "Rozum, Ivan"]
[Black "Ritviz, Parab"]
[Result "1-0"]
[WhiteElo "2589"]
[BlackElo "2338"]
[Annotator "TA"]
[PlyCount "95"]
[EventDate "2018.12.30"]
[EventType "swiss"]
[EventCountry "IND"]
[SourceTitle "playchess.com"]
[Source "ChessBase"]
[SourceQuality "1"]

{[%evp 11,95,-6,16,14,25,-6,8,5,19,12,19,5,0,-6,-8,-8,-16,-48,-54,-55,-48,-51,20,20,15,11,17,13,14,20,45,16,5,8,16,14,14,0,0,0,-3,-13,34,34,20,9,12,0,0,0,14,0,0,0,268,264,286,247,247,247,247,247,247,247,247,247,247,247,338,337,428,433,426,426,425,417,5106,5097,8284,7640,12829,12172,6412,6187,6098,6083]} 1. Nf3 Nf6 2. g3 e6 3. Bg2 d5 4. O-O Be7 5. c4 O-O 6. d3 b6 {LiveBook: 17 Games. A14: English Opening: 1...e6 with b3 by White} 7. e4 $146 ({Predecessor:} 7. Nc3 Bb7 8. Ne5 Nbd7 9. d4 c5 10. cxd5 exd5 11. Nf3 Re8 12. Bf4 Nf8 13. Rc1 Ne6 14. Be5 Ne4 15. dxc5 Nxc3 16. Bxc3 bxc5 {0-1 (51) Artemiev,V (2706)-Esipenko,A (2609) Sochi 2018}) 7... dxe4 8. dxe4 Nxe4 {The position is equal.} 9. Qxd8 Bxd8 10. Nfd2 Nxd2 11. Nxd2 c6 12. Ne4 e5 13. f4 Be6 14. Nd6 exf4 15. Bxf4 Be7 16. Rad1 Bxd6 (16... Na6 $15) 17. Bxd6 $11 Rc8 18. b3 $36 {[%mdl 2048] White fights for an advantage.} a5 19. Rd4 Na6 20. Rfd1 h6 21. Bf4 a4 $1 22. Rd6 Nb4 23. a3 Nc2 24. bxa4 Nxa3 25. c5 bxc5 26. Bxc6 Ra6 27. Bb7 Rxd6 28. Rxd6 Rb8 29. Rb6 Rd8 30. a5 {[#] Strongly threatening a6.} Nc4 31. Rb5 Rd1+ 32. Kf2 Nxa5 $2 {[%mdl 8192]} (32... g5 $11 33. Bc7 Rd2+ 34. Kg1 Rd1+ 35. Kf2 Rd2+ 36. Kg1 Rd1+ 37. Kg2 Rd2+ 38. Kg1) 33. Rxa5 $18 c4 34. Be4 {[#] White wants to mate with Ra8+.} Rd8 35. Ke3 Kf8 36. Be5 f6 37. Bd4 Re8 38. Bc5+ Kg8 39. Kd4 f5 40. Bc6 Rd8+ 41. Ke5 Bf7 42. Ra8 Rxa8 43. Bxa8 g6 (43... c3 $142 44. Kxf5 c2) 44. Kf6 {White is clearly winning.} c3 45. Be3 h5 46. h4 Kf8 47. Bc6 Kg8 48. Ba4 {Accuracy: White = 81%, Black = 55%.} 1-0

[Event "IIFL Wealth 4th Mumbai GM"]
[Site "Mumbai"]
[Date "2019.01.04"]
[Round "6"]
[White "Stupak, Kirill"]
[Black "Phadke Sohan"]
[Result "1-0"]
[WhiteElo "2557"]
[BlackElo "2191"]
[Annotator "ChessBase"]
[PlyCount "69"]
[EventDate "2018.12.30"]
[EventType "swiss"]
[EventCountry "IND"]
[SourceTitle "playchess.com"]
[Source "ChessBase"]
[SourceQuality "1"]
[TimeControl "40/5400+30:1800+30"]

1. Nf3 {[%emt 0:00:00]} c5 {[%emt 0:06:08]} 2. c4 {[%emt 0:00:16]} Nc6 {[%emt 0:00:06]} 3. Nc3 {[%emt 0:00:53]} e5 {[%emt 0:04:45]} 4. e3 {[%emt 0:00:20]} Nf6 {[%emt 0:00:47]} 5. d4 {[%emt 0:00:18]} cxd4 {[%emt 0:00:31]} 6. exd4 {[%emt 0:00:05]} e4 {[%emt 0:00:06]} 7. Ne5 {[%emt 0:00:25]} Bd6 {[%emt 0:05:54]} 8. c5 {[%emt 0:05:45]} Bb8 {[%emt 0:10:58]} 9. Nc4 {[%emt 0:07:37]} d5 {[%emt 0:09:07]} 10. cxd6 {[%emt 0:00:25]} O-O {[%emt 0:01:23]} 11. Bf4 {[%emt 0:09:18]} Na5 {[%emt 0:06:14]} 12. Nxa5 {[%emt 0:01:49]} Qxa5 {[%emt 0:00:10]} 13. Qb3 {[%emt 0:00:02]} Qf5 {[%emt 0:10:56]} 14. Bg3 {[%emt 0:00:21]} a6 {[%emt 0:04:54]} 15. Be2 {[%emt 0:04:56]} Be6 {[%emt 0:04:31]} 16. Qxb7 {[%emt 0:18:24]} Ba7 {[%emt 0:07:29]} 17. O-O {[%emt 0:04:15]} Bxd4 {[%emt 0:03:08]} 18. Qb4 {[%emt 0:02:40]} Bc5 {[%emt 0:02:05]} 19. Qa4 {[%emt 0:00:01]} Rfd8 {[%emt 0:02:16]} 20. Rad1 {[%emt 0:00:18]} Rab8 {[%emt 0:00:33]} 21. Qc2 {[%emt 0:00:52]} h5 {[%emt 0:00:42]} 22. h3 {[%emt 0:05:18]} Qg5 {[%emt 0:02:56]} 23. Kh1 {[%emt 0:01:50]} h4 {[%emt 0:03:18]} 24. Bh2 {[%emt 0:00:07]} Qf5 {[%emt 0:00:13]} 25. Bxa6 {[%emt 0:06:55]} Ba7 {[%emt 0:02:25]} 26. Be2 {[%emt 0:12:02]} Qc5 {[%emt 0:00:41]} 27. Qd2 {[%emt 0:01:14]} Rb4 {[%emt 0:01:45]} 28. b3 {[%emt 0:02:08]} Qc6 {[%emt 0:01:55]} 29. Qg5 {[%emt 0:08:16]} Qxc3 {[%emt 0:06:39]} 30. Be5 {[%emt 0:00:05]} Qc5 {[%emt 0:00:01]} 31. Bxf6 {[%emt 0:00:33]} Qxg5 {[%emt 0:00:01]} 32. Bxg5 {[%emt 0:00:01]} f6 {[%emt 0:00:16]} 33. Bxh4 {[%emt 0:00:22]} Rb6 {[%emt 0:00:53]} 34. Bg3 {[%emt 0:00:22]} Bb8 {[%emt 0:00:04]} 35. Rd4 {[%emt 0:00:12]} 1-0

[Event "IIFL Wealth 4th Mumbai GM"]
[Site "Mumbai"]
[Date "2019.01.04"]
[Round "6"]
[White "Puranik, Abhimanyu"]
[Black "Manik, Mikulas"]
[Result "1-0"]
[WhiteElo "2544"]
[BlackElo "2410"]
[Annotator "TA"]
[PlyCount "67"]
[EventDate "2018.12.30"]
[EventType "swiss"]
[EventCountry "IND"]
[SourceTitle "playchess.com"]
[Source "ChessBase"]
[SourceQuality "1"]

{[%evp 24,67,9,19,11,0,0,0,0,0,109,119,187,182,165,180,212,195,210,202,212,216,241,214,285,281,281,220,229,214,213,250,253,284,381,370,566,545,656,656,1098,557,1191,1185,1106,1084]} 1. e4 c5 2. Nf3 d6 3. d4 cxd4 4. Nxd4 Nf6 5. Nc3 a6 6. h3 e6 7. g4 h6 8. Bg2 Be7 {B81: Sicilian Scheveningen: Keres Attack} 9. Be3 Nc6 10. Qe2 (10. f4 Bd7 11. Qe2 Nxd4 12. Bxd4 Bc6 13. O-O-O Qc7 14. Kb1 e5 15. Be3 {1-0 (45) Grischuk,A (2766)-Duda,J (2737) chess.com INT 2018}) 10... Nxd4 11. Bxd4 e5 12. Be3 Be6 13. O-O-O {LiveBook: 16 Games} Rc8 $146 ({Predecessor:} 13... Qa5 14. Kb1 Rc8 15. Nd5 Bxd5 16. exd5 Nd7 17. h4 {1-0 (48) Horvath,T (2440)-Lazarev,V (2430) Austria 1993}) 14. Nd5 Bxd5 15. exd5 Nd7 16. Kb1 Nc5 {[#]} (16... O-O $11 {keeps the balance.}) 17. h4 $1 $16 Qa5 (17... Na4 $16) 18. c3 $18 Na4 19. Rc1 b5 20. Bd2 Qc7 {[#]} 21. b3 $1 {[%cal Rb3a4]} Nb6 22. g5 Rb8 23. f4 exf4 24. Bxf4 Kd8 25. Rhe1 hxg5 26. hxg5 Rb7 27. Qg4 Qc8 28. Qg3 Qf5+ 29. Ka1 Kc8 (29... Qd7 $142 30. g6 f5 31. Rxe7 Kxe7 32. Re1+ Kd8) 30. Bf3 {And now Bg4 would win.White is clearly winning.} Kd8 31. Bxd6 Bxd6 32. Qxd6+ Nd7 33. Qe7+ Kc8 34. d6 {Accuracy: White = 92%, Black = 29%.} 1-0

[Event "IIFL Wealth 4th Mumbai GM"]
[Site "Mumbai"]
[Date "2019.01.04"]
[Round "6"]
[White "Tran, Tuan Minh"]
[Black "Chanda, Sandipan"]
[Result "1-0"]
[WhiteElo "2524"]
[BlackElo "2555"]
[Annotator "TA"]
[PlyCount "75"]
[EventDate "2018.12.30"]
[EventType "swiss"]
[EventCountry "IND"]
[SourceTitle "playchess.com"]
[Source "ChessBase"]
[SourceQuality "1"]

{[%evp 15,75,45,41,31,32,32,49,39,58,37,38,-18,-22,-13,12,20,16,15,7,0,15,21,35,56,29,29,29,39,153,149,277,291,308,305,323,323,346,345,358,368,395,407,398,377,843,875,829,811,792,765,1164,1107,5322,5306,2834,2210,29978,29979,29979,29980,29990,29991]} 1. d4 f5 2. g3 Nf6 3. Bg2 g6 4. Nf3 Bg7 5. O-O O-O 6. c4 e6 7. Nc3 d5 8. Bf4 c6 {LiveBook: 5 Games} 9. e3 $146 {A87: Dutch Defence: Leningrad System: 5 Nf3} ({Predecessor:} 9. Qc2 Nbd7 10. Rad1 Qe7 11. b3 Ne4 12. h4 h6 13. Qc1 Kh7 14. Na4 b6 15. Nb2 Bb7 16. Nd3 c5 {1-0 (41) Adly,A (2625)-Sandipan,C (2555) Tegernsee 2017}) 9... Nbd7 10. Rc1 Re8 11. Re1 {White is slightly better.} Ne4 12. b4 Nb6 13. Bf1 ({White should try} 13. cxd5 $14 exd5 14. b5) 13... Nxc4 $11 14. Bxc4 Nxc3 15. Rxc3 {[#] aiming for Bd3.} dxc4 16. Rxc4 b6 17. Be5 Qd5 18. Rc2 Bb7 19. Bxg7 Kxg7 20. Ne5 {[%cal Bf3e5,Be5c4,Bc4b6][%mdl 32]} a5 21. Nc4 Ra6 (21... c5 $14 22. f3 Qxf3 23. Qxf3 Bxf3) 22. bxa5 $16 b5 (22... bxa5 $16 23. f3 c5) 23. Nb6 $18 Qd6 24. Rc5 h5 25. h4 Qe7 26. Qd2 Rd8 27. Qc3 Kh6 28. a4 bxa4 29. Nxa4 Rd5 $2 {[#]} (29... Ra7 30. Rb1 Kh7) 30. e4 fxe4 31. Rxe4 Kg7 32. Nb6 Rd6 33. Rce5 c5 34. d5 {[%cal Re5e6]} Qf6 35. Qxc5 Rdxb6 36. axb6 {White mates.} Ra1+ 37. Kg2 Ba6 38. Rxe6 {Accuracy: White = 75%, Black = 24%.} 1-0

[Event "IIFL Wealth 4th Mumbai GM"]
[Site "Mumbai"]
[Date "2019.01.04"]
[Round "6"]
[White "Movsziszian, Karen"]
[Black "Mohite, Ranveer"]
[Result "0-1"]
[WhiteElo "2505"]
[BlackElo "2236"]
[Annotator "TA"]
[PlyCount "94"]
[EventDate "2018.12.30"]
[EventType "swiss"]
[EventCountry "IND"]
[SourceTitle "playchess.com"]
[Source "ChessBase"]
[SourceQuality "1"]

{[%evp 17,94,10,33,21,21,24,32,25,40,37,31,27,29,17,15,6,53,19,41,-6,11,4,25,0,0,0,20,0,0,0,0,0,0,0,0,0,21,14,14,15,11,0,87,72,241,0,64,64,71,70,666,657,1007,1026,1081,1072,1715,1072,1051,0,0,0,0,0,0,0,715,670,838,-29989,-29990,-29990,-29991,-29991,-29992,-29996,-29997,-29997,-29998]} 1. e4 c5 2. d3 Nc6 3. g3 g6 4. Bg2 Bg7 5. f4 e6 6. Nf3 Nge7 7. O-O O-O 8. c3 d5 9. e5 f6 {LiveBook: 11 Games} 10. d4 $146 {B20: Sicilian: Unusual White 2nd moves} ({Predecessor:} 10. exf6 Bxf6 11. Re1 Qd6 12. Na3 a6 13. Nc2 Bg7 14. d4 b6 15. Be3 Bd7 16. Bf2 Nf5 17. Qd3 c4 {1-0 (42) Moussard,J (2571)-Salinas Herrera,P (2411) Barcelona 2017}) 10... Qb6 {Threatens to win with ...cxd4.} 11. exf6 Bxf6 {[%cal Rc5d4]} 12. dxc5 {White is slightly better.} Qxc5+ 13. Kh1 Bd7 14. Na3 Nf5 15. Nc2 Rad8 16. Re1 Bc8 17. Qe2 Rfe8 18. Ne5 Bg7 19. Bd2 Rf8 (19... Qb6 {feels hotter.} 20. Nd3 Qa6 21. a4 Na5 22. Be3 Nb3) 20. Rad1 (20. Nf3 {keeps more tension.} Rfe8 21. Rad1 Qb6 22. Bc1 Qa5 23. a3) 20... Nxe5 21. fxe5 Rd7 22. Ne3 Rdf7 23. Ng4 Bd7 24. Bg5 Bc6 25. Nf6+ Bxf6 26. Bxf6 Nd6 27. exd6 Rxf6 28. Qe5 Qb6 29. b3 Qa6 (29... R8f7 $11 {remains equal.}) 30. c4 $1 $16 {[%cal Rc4d5]} d4 $2 {[#]} (30... dxc4 $2 31. d7 $18) (30... R8f7 $16 {might work better.}) 31. h4 $2 (31. Qxd4 $2 Rf2 $19) (31. Bxc6 $1 $18 Qxc6+ 32. Kg1) 31... Bxg2+ (31... Qxa2 $11 32. Bxc6 bxc6) 32. Kxg2 $14 {Hoping for Kh3.} Qxa2+ 33. Kh3 {aiming for d7.} Rf2 $2 {[%mdl 8192]} (33... Qc2 $14) 34. Qxe6+ $18 Kg7 {Threatening ...h5.} 35. Qe5+ R8f6 36. d7 Rh2+ 37. Kg4 {Qxf6+! would kill now.} Qf2 38. Qe7+ $2 (38. d8=Q $2 Qf3+ 39. Kg5 h6#) ({White must play} 38. Rf1 $1 $18 Rxh4+ 39. Kxh4 Qh2+ 40. Kg4 Qh5+ {[%mdl 64] Decoy} 41. Qxh5 gxh5+ 42. Kxh5 Rh6+ 43. Kg4) 38... Kh6 $11 {[%csl Gf6,Gg6][%cal Rf2f5]} 39. Qe4 Kg7 $40 {[%mdl 128] Black mounts an attack.} ({Don't blunder} 39... Rg2 $2 40. Rd3 $18) 40. Qe7+ (40. Qe5 $2 {is a self mate.} Qf3+ 41. Kg5 h6#) 40... Kh6 {[%csl Gf6,Gg6][%cal Rf2f5]} (40... Rf7 $5 41. Qe5+ $8 {[%mdl 64] Double Attack} Kh6 $18) 41. Qe4 Rg2 $2 {[%mdl 8192]} (41... Kg7 $11 42. Qe7+ (42. Qe5 $2 Qf3+ {[%mdl 64] Double Attack} 43. Kg5 h6#)) 42. Rd3 $18 Kg7 {( -> ...h5+)} 43. Rh1 $4 {[%mdl 8192] [#]} (43. d8=Q $2 {gets mated.} h5+ 44. Kg5 Rf5+ 45. Qxf5 Qxf5#) (43. Qe7+ $18 Kh6 44. Qe5) 43... h5+ $1 {Black mates.} 44. Kh3 {[#]} Rh2+ $1 {[%mdl 576] Deflection} 45. Rxh2 Qf1+ 46. Qg2 Qf5+ {[%mdl 64] Double Attack} 47. g4 Qxd3+ {[%mdl 64] Double Attack. Accuracy: White = 41%, Black = 43%.} 0-1

[Event "IIFL Wealth 4th Mumbai GM"]
[Site "Mumbai"]
[Date "2019.01.04"]
[Round "6"]
[White "Visakh N R"]
[Black "Deepan Chakkravarthy J."]
[Result "1-0"]
[WhiteElo "2491"]
[BlackElo "2550"]
[Annotator "ChessBase"]
[PlyCount "65"]
[EventDate "2018.12.30"]
[EventType "swiss"]
[EventCountry "IND"]
[SourceTitle "playchess.com"]
[Source "ChessBase"]
[SourceQuality "1"]
[TimeControl "40/5400+30:1800+30"]

1. d4 {[%emt 0:00:00]} e6 {[%emt 0:00:05]} 2. e4 {[%emt 0:00:00]} d5 {[%emt 0:00:05]} 3. Nd2 {[%emt 0:00:03]} c5 {[%emt 0:00:05]} 4. exd5 {[%emt 0:01:01]} Qxd5 {[%emt 0:00:59]} 5. Ngf3 {[%emt 0:00:36]} cxd4 {[%emt 0:00:06]} 6. Bc4 {[%emt 0:00:05]} Qd6 {[%emt 0:00:07]} 7. O-O {[%emt 0:00:11]} Nf6 {[%emt 0:02:32]} 8. Nb3 {[%emt 0:01:32]} Nc6 {[%emt 0:00:06]} 9. Nbxd4 {[%emt 0:00:08]} Nxd4 {[%emt 0:00:05]} 10. Nxd4 {[%emt 0:00:10]} a6 {[%emt 0:00:05]} 11. Re1 {[%emt 0:01:41]} Qc7 {[%emt 0:00:33]} 12. Bf1 {[%emt 0:00:39]} Bd6 {[%emt 0:14:07]} 13. Nf5 {[%emt 0:02:22]} Bxh2+ {[%emt 0:01:17]} 14. Kh1 {[%emt 0:00:05]} O-O {[%emt 0:00:04]} 15. Nxg7 {[%emt 0:01:44]} Kxg7 {[%emt 0:00:15]} 16. Qd4 {[%emt 0:00:47]} e5 {[%emt 0:07:53]} 17. Qh4 {[%emt 0:00:55]} Ng4 {[%emt 0:00:10]} 18. Be2 {[%emt 0:00:05]} Bf4 {[%emt 0:24:21]} 19. Bxg4 {[%emt 0:39:50]} Qxc2 {[%emt 0:12:06]} 20. Bf3 {[%emt 0:05:12]} Qg6 {[%emt 0:11:20]} 21. Bxf4 {[%emt 0:00:31]} exf4 {[%emt 0:00:02]} 22. Qxf4 {[%emt 0:00:34]} Be6 {[%emt 0:03:34]} 23. Bxb7 {[%emt 0:02:14]} Rab8 {[%emt 0:00:03]} 24. Qd4+ {[%emt 0:09:23]} Qf6 {[%emt 0:01:35]} 25. Re5 {[%emt 0:01:08]} Kh8 {[%emt 0:00:03]} 26. Bxa6 {[%emt 0:02:11]} Rg8 {[%emt 0:06:35]} 27. Bf1 {[%emt 0:05:23]} Rgd8 {[%emt 0:14:45]} 28. Qc3 {[%emt 0:00:59]} Rd2 {[%emt 0:00:02]} 29. Rb5 {[%emt 0:02:52]} Qxc3 {[%emt 0:00:03]} 30. Rxb8+ {[%emt 0:00:05]} Qc8 {[%emt 0:00:04]} 31. Rxc8+ {[%emt 0:00:03]} Bxc8 {[%emt 0:00:02]} 32. b4 {[%emt 0:03:05]} Rxf2 {[%emt 0:00:28]} 33. a4 {[%emt 0:00:01]} 1-0

[Event "IIFL Wealth 4th Mumbai GM"]
[Site "Mumbai"]
[Date "2019.01.04"]
[Round "6"]
[White "Rahman, Ziaur"]
[Black "Tran, Minh Thang"]
[Result "1-0"]
[WhiteElo "2468"]
[BlackElo "2342"]
[Annotator "ChessBase"]
[PlyCount "51"]
[EventDate "2018.12.30"]
[EventType "swiss"]
[EventCountry "IND"]
[SourceTitle "playchess.com"]
[Source "ChessBase"]
[SourceQuality "1"]
[TimeControl "40/5400+30:1800+30"]

1. Nf3 {[%emt 0:00:00]} Nf6 {[%emt 0:00:00]} 2. c4 {[%emt 0:00:09]} e6 {[%emt 0:00:33]} 3. g3 {[%emt 0:01:42]} b6 {[%emt 0:00:14]} 4. Bg2 {[%emt 0:00:07]} Bb7 {[%emt 0:00:08]} 5. O-O {[%emt 0:00:07]} Be7 {[%emt 0:00:07]} 6. b3 {[%emt 0:00:55]} O-O {[%emt 0:00:18]} 7. Bb2 {[%emt 0:01:46]} d5 {[%emt 0:00:29]} 8. e3 {[%emt 0:07:11]} c5 {[%emt 0:04:01]} 9. Qe2 {[%emt 0:03:43]} Nc6 {[%emt 0:00:38]} 10. Rd1 {[%emt 0:00:49]} Qc7 {[%emt 0:05:16]} 11. Nc3 {[%emt 0:02:57]} dxc4 {[%emt 0:03:05]} 12. bxc4 {[%emt 0:00:09]} Rad8 {[%emt 0:00:11]} 13. d3 {[%emt 0:09:18]} Qb8 {[%emt 0:09:23]} 14. Rab1 {[%emt 0:01:25]} Qa8 {[%emt 0:10:26]} 15. Ne1 {[%emt 0:01:48]} Rd7 {[%emt 0:01:54]} 16. f4 {[%emt 0:01:42]} Rfd8 {[%emt 0:00:12]} 17. a3 {[%emt 0:07:32]} Bd6 {[%emt 0:13:11]} 18. Nf3 {[%emt 0:05:21]} Bb8 {[%emt 0:05:16]} 19. Ba1 {[%emt 0:10:59]} Re8 {[%emt 0:06:04]} 20. Ng5 {[%emt 0:05:39]} Ne7 {[%emt 0:03:47]} 21. Nce4 {[%emt 0:05:13]} Nxe4 {[%emt 0:00:56]} 22. dxe4 {[%emt 0:01:16]} Rxd1+ {[%emt 0:00:25]} 23. Rxd1 {[%emt 0:00:06]} h6 {[%emt 0:00:18]} 24. Nxf7 {[%emt 0:01:40]} Bxf4 {[%emt 0:17:50]} 25. exf4 {[%emt 0:01:51]} Kxf7 {[%emt 0:00:37]} 26. Qh5+ {[%emt 0:00:46]} 1-0

[Event "IIFL Wealth 4th Mumbai GM"]
[Site "Mumbai"]
[Date "2019.01.04"]
[Round "6"]
[White "Ankit, R. Rajpara"]
[Black "Balasubramaniam H"]
[Result "1/2-1/2"]
[WhiteElo "2465"]
[BlackElo "2270"]
[Annotator "ChessBase"]
[PlyCount "76"]
[EventDate "2018.12.30"]
[EventType "swiss"]
[EventCountry "IND"]
[SourceTitle "playchess.com"]
[Source "ChessBase"]
[SourceQuality "1"]
[TimeControl "40/5400+30:1800+30"]

1. d4 {[%emt 0:00:00]} Nf6 {[%emt 0:00:17]} 2. Nf3 {[%emt 0:00:00]} e6 {[%emt 0:00:16]} 3. Bf4 {[%emt 0:00:05]} b6 {[%emt 0:01:15]} 4. e3 {[%emt 0:01:13]} Bb7 {[%emt 0:00:04]} 5. Bd3 {[%emt 0:00:27]} Be7 {[%emt 0:01:14]} 6. h3 {[%emt 0:06:44]} Ne4 {[%emt 0:04:49]} 7. c4 {[%emt 0:06:14]} O-O {[%emt 0:09:36]} 8. Nbd2 {[%emt 0:11:09]} f5 {[%emt 0:04:27]} 9. Qc2 {[%emt 0:05:13]} Bb4 {[%emt 0:02:48]} 10. O-O {[%emt 0:06:49]} Nxd2 {[%emt 0:00:16]} 11. Nxd2 {[%emt 0:00:06]} Bxd2 {[%emt 0:02:17]} 12. Qxd2 {[%emt 0:00:15]} d6 {[%emt 0:01:05]} 13. Rae1 {[%emt 0:23:36]} h6 {[%emt 0:17:58]} 14. Bg3 {[%emt 0:13:52]} Qf6 {[%emt 0:04:04]} 15. c5 {[%emt 0:09:44]} e5 {[%emt 0:07:08]} 16. cxd6 {[%emt 0:09:31]} cxd6 {[%emt 0:00:06]} 17. dxe5 {[%emt 0:01:09]} dxe5 {[%emt 0:00:10]} 18. Rd1 {[%emt 0:01:49]} Kh8 {[%emt 0:05:28]} 19. Qc3 {[%emt 0:00:51]} Nc6 {[%emt 0:06:53]} 20. Bb5 {[%emt 0:00:10]} f4 {[%emt 0:01:17]} 21. exf4 {[%emt 0:00:07]} exf4 {[%emt 0:00:08]} 22. Qxf6 {[%emt 0:00:28]} Rxf6 {[%emt 0:00:04]} 23. Rd7 {[%emt 0:01:16]} a6 {[%emt 0:01:49]} 24. Rxb7 {[%emt 0:00:34]} axb5 {[%emt 0:00:10]} 25. Bh2 {[%emt 0:00:22]} Rxa2 {[%emt 0:02:07]} 26. Rxb6 {[%emt 0:00:12]} Rxb2 {[%emt 0:01:10]} 27. Bxf4 {[%emt 0:00:19]} Rxf4 {[%emt 0:00:14]} 28. Rxc6 {[%emt 0:00:04]} b4 {[%emt 0:00:50]} 29. Rb6 {[%emt 0:01:09]} Kh7 {[%emt 0:04:05]} 30. Rb7 {[%emt 0:00:13]} Kg6 {[%emt 0:00:25]} 31. Kh2 {[%emt 0:00:56]} Rfxf2 {[%emt 0:02:11]} 32. Rxf2 {[%emt 0:00:06]} Rxf2 {[%emt 0:00:08]} 33. Rxb4 {[%emt 0:00:04]} Ra2 {[%emt 0:00:32]} 34. Rb6+ {[%emt 0:00:07]} Kf7 {[%emt 0:00:16]} 35. Rb7+ {[%emt 0:00:02]} Kg6 {[%emt 0:00:06]} 36. Rb6+ {[%emt 0:00:03]} Kf7 {[%emt 0:00:05]} 37. Rb7+ {[%emt 0:00:03]} Kg6 {[%emt 0:00:05]} 38. Rb6+ {[%emt 0:00:04]} Kf7 {[%emt 0:00:13]} 1/2-1/2